00453pab a2200133 454500008004000000100002100040245012800061260000900189300001100198362000900209650003600218700002000254773004500274180718b1985 xxu||||| |||| 00| 0 eng d aAnderson, Dennis aFinancing small - scale industry and agriculture in developing countriesbThe merits and limitations of commercial policies c1985 a349-71 aJan. aIndustry, Small Scale - Finance aFarida Khambata aEconomic Development and Cultural Change